| 000 | 00748nam a2200253 i 4500 | ||
|---|---|---|---|
| 001 | 5903 | ||
| 003 | ES-MaACL | ||
| 005 | 20250807071710.0 | ||
| 007 | t| | ||
| 008 | 890614s1984 fr ||||1| fre d | ||
| 020 | _a2-7116-8074-6 | ||
| 080 | _a1(37+38) | ||
| 080 | _a392.71 | ||
| 100 | 1 |
_aFraisse, Jean-Claude. _952119 |
|
| 245 | 1 | 0 |
_aPhilia _b: la notion d'amitie dans la philosophie antique : essai sur un probleme perdu et retrouve / _cpar Jean-Claude Fraisse. |
| 250 | _a2nd. tirage. | ||
| 260 |
_aParis : _bVrin, _c1984. |
||
| 300 |
_a504 p. ; _c22 cm. |
||
| 500 | _aIndices. | ||
| 504 | _aBibliogr.: p. 479-489. | ||
| 650 | 1 | 7 |
_aAmistad _2embne _99752 |
| 852 |
_aES-MaACL _jL-13067 _bR.113781 _z. - rust. |
||
| 999 |
_c5903 _d5903 |
||